| 000 | 00852nam a2200265 i 4500 | ||
|---|---|---|---|
| 001 | bg | ||
| 100 | 1 | _aBODZIONY, Bogdan | |
| 245 | 1 | 0 |
_aPrawo budowlane : _bzbiór przepisów. _nCz. 2 / _c[B. Bodziony, R. Dziwiński, P. Gniadzik]. |
| 250 | _aWyd. 2 zaktual. | ||
| 260 |
_aWarszawa : _bPolskie Centrum Budownictwa, _c1998. |
||
| 300 |
_a762, [1] s. ; _c21 cm. |
||
| 490 | 1 |
_aBudownictwo ; _v1 |
|
| 500 | _aNa okł. podtyt. : Ujednolicone teksty aktów prawnych. - Nazwa autorów na okł. | ||
| 650 | 9 |
_aBudownictwo _xprawo _zPolska _ystan na 1998 r. |
|
| 700 | 1 | _aDZIWIŃSKI, Robert | |
| 700 | 1 | _aGNIADZIK, Piotr | |
| 830 | _aBudownictwo ; | ||
| 020 | _a8387310859 (cz. 1) | ||
| 040 | _cBPK | ||
| 041 | 0 | _apl | |
| 080 | _a349.442(438)(094.4) | ||
| 920 | _a83-87310-85-9 (cz. 1) | ||
| 942 | _cKS | ||
| 008 | s pl f |000 0 pol | ||
| 999 |
_c33882 _d33882 |
||
| 856 |
_uhttp://koha.tu.koszalin.pl/cgi-bin/koha/opac-detail.pl?biblionumber=33882 _yKatalog online BPK |
||